书目信息 |
| 题名: |
土木工程监测技术
|
|
| 作者: | 夏才初 编著 | |
| 分册: | ||
| 出版信息: | 北京 中国建筑工业出版社 2001.07 |
|
| 页数: | 308页 | |
| 开本: | 26cm | |
| 丛书名: | ||
| 单 册: | ||
| 中图分类: | TU712 | |
| 科图分类: | ||
| 主题词: | 建筑工程--施工管理 | |
| 电子资源: | ||
| ISBN: | 7-112-04632-7 | |
| 000 | 00575nam0 2200193 45 | |
| 001 | 0260292045 | |
| 005 | 2002041216445204 | |
| 010 | @a7-112-04632-7@dRMB 25.00 | |
| 100 | @a20020412d2001 km y0chiy0120 ea | |
| 101 | 0 | @achi |
| 102 | @aCN@b110000 | |
| 200 | 1 | @a土木工程监测技术@Atu mu gong cheng jian ce ji shu@f夏才初等编著@FXia Cai Chu Deng Bian Zhu |
| 210 | @a北京@c中国建筑工业出版社@d2001.07 | |
| 215 | @a308页@d26cm | |
| 606 | 0 | @a建筑工程@x施工管理 |
| 690 | @aTU712@v3 | |
| 701 | 0 | @a夏才初@AXia Cai Chu@4编著 |
| 801 | 0 | @aCN@bPFT@c20020412 |
| 905 | @a10447@dTU712@eX172 | |
| 土木工程监测技术/夏才初等编著.-北京:中国建筑工业出版社,2001.07 |
| 308页;26cm |
| ISBN 7-112-04632-7:RMB 25.00 |
| ● |
| 相关链接 |
|
|
|
正题名:土木工程监测技术
索取号:TU712/X172
 
预约/预借
| 序号 | 登录号 | 条形码 | 馆藏地/架位号 | 状态 | 备注 |
| 1 | 355948 | 203559489 | 建筑库201/201建筑库 21排1列5层/ [索取号:TU712/X172] | 在馆 | |
| 2 | 355949 | 203559498 | 建筑库201/201建筑库 21排1列5层/ [索取号:TU712/X172] | 在馆 |